Managerial accounting : creating value in a dynamic business environment

Guardat en:
Dades bibliogràfiques
Autor principal:  Hilton, Ronald W
Format: Sách
Idioma:Undetermined
Publicat:  McGraw-Hill Irwin  2008
Matèries:
Etiquetes: Afegir etiqueta
Sense etiquetes, Sigues el primer a etiquetar aquest registre!
Thư viện lưu trữ: Trung tâm Thư viện - Trường Đại học Công nghiệp TP. Hồ Chí Minh
LEADER 00551nam a2200157Ia 4500
001 UIH_05680
008 231011s9999 xx 000 0 und d
082 |a  658.15 
100 |a  Hilton, Ronald W 
245 0 |a  Managerial accounting : creating value in a dynamic business environment 
245 0 |c  Hilton, Ronald W 
260 |b  McGraw-Hill Irwin 
260 |c  2008 
650 |a  Managerial accounting; Kế toán quản lý;  
927 |a Sách 
980 |a Trung tâm Thư viện - Trường Đại học Công nghiệp TP. Hồ Chí Minh